00545nam a2200181 a 450000100100000000500170001000800410002702000150006804000250008308200160010810000160012424500740014026000360021430000210025049000300027150400320030183000300033300003581020200930074630.0111114s1987 sp ac 000 0 spa d a8432956112 aDO-SdBNPbspacBNPHU axxxxbC837i1 aCosta, Joan10aImagen global :bevolución del diseño de identidad /cJoan Costa. aBarcelona :bils, retrs,c1987. a262 p. ;c26 cm.1 aEnciclopedia del diseño aBibliografía : p. 261-262 0aEnciclopedia del diseño